| 000 | 00729cab a2200241 4500 | ||
|---|---|---|---|
| 001 | WB2913-18 | ||
| 008 | 090401t1993 xxu||||| |||| 00| 0 eng d | ||
| 035 | _a(Sirsi) u39472 | ||
| 041 | _aeng | ||
| 245 | _aSafe under thatch | ||
| 260 | _c1993 | ||
| 350 | _a0 | ||
| 490 |
_aIndependent on Sunday _v28 March 1993, 20(1) |
||
| 520 | _aPremiums for insuring thatched buildings can be high, this article details the Thatching Advisory Service policies which can cut premiums. Also suggests some safety measures. | ||
| 650 | _aHOUSING | ||
| 650 | _aPREMIUMS | ||
| 650 | _aROOFING | ||
| 650 | _aTHATCHED ROOFS | ||
| 650 | _aTHATCHING ADVISORY SERVICE | ||
| 690 |
_aInsurance _96249 |
||
| 942 | _n0 | ||
| 948 | _c04/03/1997 | ||
| 999 |
_c25340 _d25340 |
||